Welcome to CU Library Online Public Access Catalogue (OPAC)

Basic christianity (Record no. 3941)

MARC details
000 -LEADER
fixed length control field 00345nam a22001457a 4500
005 - DATE AND TIME OF LATEST TRANSACTION
control field 20250218130242.0
008 - FIXED-LENGTH DATA ELEMENTS--GENERAL INFORMATION
fixed length control field 250218b |||||||| |||| 00| 0 eng d
020 ## - INTERNATIONAL STANDARD BOOK NUMBER
International Standard Book Number 9781844743049
050 ## - LIBRARY OF CONGRESS CALL NUMBER
Classification number BT 77.S74 STO
Item number 1
100 ## - MAIN ENTRY--PERSONAL NAME
Personal name STOTT, John
245 ## - TITLE STATEMENT
Title Basic christianity
260 ## - PUBLICATION, DISTRIBUTION, ETC.
Place of publication, distribution, etc. England
Name of publisher, distributor, etc. IVP
Date of publication, distribution, etc. 2008c
300 ## - PHYSICAL DESCRIPTION
Extent 192P
942 ## - ADDED ENTRY ELEMENTS (KOHA)
Source of classification or shelving scheme Library of Congress Classification
Koha item type Books
Suppress in OPAC No
999 ## -
-- 3941
-- 3941
Holdings
Withdrawn status Lost status Source of classification or shelving scheme Damaged status Not for loan Collection Home library Current library Shelving location Date acquired Total checkouts Full call number Barcode Date last seen Copy number Price effective from Koha item type
    Library of Congress Classification     Non-fiction Graduate Library (Christ Temple) Graduate Library (Christ Temple) General stacks 02/18/2025   BT 77.S74 STO GSCT00000521 02/18/2025 1 02/18/2025 Books
    Library of Congress Classification     Non-fiction Undergraduate Library (Christ Temple) Undergraduate Library (Christ Temple) General stacks 07/12/2025   BT77.S74 STO ulct00003814 07/12/2025 1 07/12/2025 Books
    Library of Congress Classification     Non-fiction Undergraduate Library (Christ Temple) Undergraduate Library (Christ Temple) General stacks 07/12/2025   BT77.S74 STO ulct00003815 07/12/2025 2 07/12/2025 Books
© 2023-2024 Copyright: Central University Libraries. All Rights Reserved | Created by: Mahone Tech Office